[Event "Doeberl Cup 50th"]
[Site "Canberra"]
[Date "2012.04.08"]
[Round "8"]
[White "Suttor, Vincent"]
[Black "Ly, Moulthun"]
[Result "0-1"]
[WhiteElo "2245"]
[BlackElo "2402"]
[PlyCount "92"]
[EventDate "2012.04.05"]
[EventType "swiss"]
[EventRounds "9"]
[EventCountry "AUS"]
[SourceTitle "CBM 147 Extra"]
[Source "ChessBase"]
[SourceDate "2012.04.24"]
[SourceVersion "1"]
[SourceVersionDate "2012.04.24"]
[SourceQuality "1"]

1. d4 Nf6 2. c4 e6 3. Nc3 Bb4 4. Qb3 Nc6 5. Nf3 d5 6. a3 Be7 7. Bf4 0-0 8. cxd5 Nxd5 9. Nxd5 exd5 10. e3 Bd6 11. Bxd6 Qxd6 12. Bb5 Bg4 13. Nd2 Ne7 14. 0-0 b6 15. Rfc1 c5 16. Qa4 c4 17. Qb4 Qc7 18. f3 Be6 19. Ba4 a6 20. Bc2 Nc6 21. Qc3 b5 22. f4 a5 23. Nf3 f6 24. Qe1 Rae8 25. Qh4 g6 26. g4 Bc8 27. Kf2 b4 28. Ba4 Bd7 29. g5 Ne7 30. Bxd7 Qxd7 31. gxf6 Nf5 32. Qg5 Rxe3 33. axb4 Qe6 34. Re1 Qe4 35. Ne5 Qxd4 36. Rxe3 Nxe3 37. Rxa5 Ng4+ 38. Kf3 Nxf6 39. Ra6 Qe4+ 40. Kf2 Ng4+ 41. Kg3 Ne3 42. Kh3 Qb1 43. Nxg6 Qf1+ 44. Kh4 Qf2+ 45. Kh3 Qf3+ 46. Qg3 Qf1+ 0-1

[Event "Doeberl Cup Premier 50th"]
[Site "Canberra"]
[Date "2012.04.07"]
[Round "5"]
[White "Dale, Ari"]
[Black "Suttor, Vincent"]
[Result "1/2-1/2"]
[WhiteElo "2020"]
[BlackElo "2245"]
[PlyCount "187"]
[EventDate "2012.04.05"]
[EventType "swiss"]
[EventRounds "9"]
[EventCountry "AUS"]
[SourceTitle "EXT 2023"]
[Source "ChessBase"]
[SourceDate "2022.10.05"]
[SourceVersion "1"]
[SourceVersionDate "2022.10.05"]
[SourceQuality "1"]

1. d4 Nf6 2. c4 g6 3. Nc3 Bg7 4. e4 d6 5. Nf3 0-0 6. Be2 c5 7. 0-0 cxd4 8. Nxd4 Nc6 9. Nc2 Bd7 10. Rb1 a5 11. Be3 Nb4 12. Nd4 Qc8 13. f3 Nc6 14. Ndb5 Ne5 15. b3 Bxb5 16. Nxb5 a4 17. Qd2 axb3 18. axb3 Nc6 19. Rfc1 Qd7 20. Nc3 Rfc8 21. Na4 Rxa4 22. bxa4 Ra8 23. Qc2 Qc7 24. Rd1 Nd7 25. c5 dxc5 26. Bb5 b6 27. Qa2 Nd4 28. Kh1 Nf8 29. Bc4 e6 30. f4 Qc6 31. Bxd4 Bxd4 32. Bd3 Qc7 33. e5 g5 34. Be4 Ra7 35. Qb3 gxf4 36. Bc2 Ng6 37. Qxb6 Qxb6 38. Rxb6 Nxe5 39. Rf1 Be3 40. Rb8+ Kg7 41. g3 f3 42. Be4 f2 43. Ra8 Rd7 44. a5 Rd4 45. Bc2 Rd2 46. Bb1 Rd4 47. Bc2 Rc4 48. Bd1 Rc3 49. Kg2 Ra3 50. a6 c4 51. Be2 Ra2 52. a7 Kf6 53. Rc8 Rxa7 54. Bxc4 Ra4 55. Bb3 Rb4 56. Bc2 h6 57. Bd1 Bd4 58. Rc2 Nc4 59. Rcxf2+ Bxf2 60. Rxf2+ Kg7 61. Bh5 f5 62. Re2 Kf6 63. Kf3 Ne5+ 64. Kg2 Rb3 65. Rf2 Kg5 66. Bd1 Rc3 67. Re2 Kf6 68. Ba4 Nf3 69. Rf2 Nd4 70. Bd7 Ke5 71. Kh3 Rc7 72. Ba4 Kf6 73. Bd1 e5 74. Kh4 e4 75. Kh5 e3 76. Rb2 Rc1 77. Be2 Nxe2 78. Rxe2 Rc3 79. Kxh6 Ke5 80. Kg5 Ke4 81. Ra2 Rc5 82. Kg6 Kf3 83. Ra1 e2 84. Kg5 Kf2 85. g4 fxg4+ 86. Kxg4 e1Q 87. Rxe1 Kxe1 88. h4 Ke2 89. h5 Ke3 90. h6 Rc1 91. Kg5 Rh1 92. Kg6 Kf4 93. h7 Rxh7 94. Kxh7 1/2-1/2

[Event "Doeberl Cup Premier 50th"]
[Site "Canberra"]
[Date "2012.04.07"]
[Round "6"]
[White "Suttor, Vincent"]
[Black "Guo, Emma"]
[Result "1-0"]
[WhiteElo "2245"]
[BlackElo "2019"]
[PlyCount "65"]
[EventDate "2012.04.05"]
[EventType "swiss"]
[EventRounds "9"]
[EventCountry "AUS"]
[SourceTitle "EXT 2023"]
[Source "ChessBase"]
[SourceDate "2022.10.05"]
[SourceVersion "1"]
[SourceVersionDate "2022.10.05"]
[SourceQuality "1"]

1. d4 Nf6 2. c4 c5 3. d5 b5 4. a4 bxc4 5. Nc3 d6 6. e4 g6 7. Bxc4 Bg7 8. f4 0-0 9. Nf3 Ba6 10. Qd3 Bxc4 11. Qxc4 Nfd7 12. a5 Qc8 13. 0-0 Na6 14. Re1 Nb4 15. Ra4 Qb8 16. Re2 a6 17. Be3 Rc8 18. Ra3 Nf6 19. h3 Ne8 20. Rd2 Ra7 21. Bf2 Nc7 22. Ra1 Nb5 23. Na4 Nd4 24. Nb6 Nxf3+ 25. gxf3 Re8 26. Kg2 Rb7 27. Re1 f6 28. Bg3 Rf8 29. Rde2 f5 30. e5 dxe5 31. fxe5 f4 32. Bf2 Rf5 33. Bxc5 1-0

[Event "Doeberl Cup 46th"]
[Site "Canberra"]
[Date "2008.03.23"]
[Round "7"]
[White "Mas, Hafizulhelmi"]
[Black "Suttor, Vincent"]
[Result "0-1"]
[WhiteElo "2382"]
[BlackElo "2139"]
[PlyCount "120"]
[EventDate "2008.03.20"]
[EventType "swiss"]
[EventRounds "9"]
[EventCountry "AUS"]
[SourceTitle "CBM 123 Extra"]
[Source "ChessBase"]
[SourceDate "2008.05.06"]
[SourceVersion "1"]
[SourceVersionDate "2008.05.06"]
[SourceQuality "1"]

1. e4 c5 2. f4 e6 3. Nf3 Nc6 4. Bb5 Nge7 5. 0-0 a6 6. Be2 d5 7. d3 g6 8. c3 Bg7 9. Na3 b5 10. Nc2 0-0 11. Qe1 c4 12. e5 cxd3 13. Bxd3 Rb8 14. Be3 a5 15. Bc5 Re8 16. Kh1 Bd7 17. Rd1 Rb7 18. Qh4 b4 19. c4 b3 20. Na3 bxa2 21. Nb5 Nc8 22. Qf2 Nb4 23. Bxb4 axb4 24. b3 Bxb5 25. cxb5 Na7 26. Qd2 Bf8 27. Ra1 Nxb5 28. Rxa2 Nc3 29. Ra6 Rb6 30. Ra5 Qc7 31. Rfa1 Bc5 32. Qe1 Rc8 33. h4 Rbb8 34. h5 Qd8 35. Ng5 Be7 36. Nh3 Ra8 37. Ba6 Rc5 38. Rxc5 Bxc5 39. hxg6 hxg6 40. g4 Ne4 41. Kg2 Be7 42. Bd3 Rxa1 43. Qxa1 Qc8 44. Qa7 Kf8 45. Ng1 Bc5 46. Qa5 Bxg1 47. Bxe4 dxe4 48. Kxg1 Qc1+ 49. Kg2 Qd2+ 50. Kg3 e3 51. f5 gxf5 52. gxf5 Qf2+ 53. Kh3 Qxf5+ 54. Kg3 Qf2+ 55. Kh3 Qf3+ 56. Kh2 Qf4+ 57. Kh3 Kg7 58. Qb5 Qf3+ 59. Kh2 e2 60. Qb8 Qf4+ 0-1

[Event "Doeberl Cup 46th"]
[Site "Canberra"]
[Date "2008.03.20"]
[Round "1"]
[White "Johansen, Darryl Keith"]
[Black "Suttor, Vincent"]
[Result "1-0"]
[WhiteElo "2475"]
[BlackElo "2139"]
[PlyCount "69"]
[EventDate "2008.03.20"]
[EventType "swiss"]
[EventRounds "9"]
[EventCountry "AUS"]
[SourceTitle "CBM 123 Extra"]
[Source "ChessBase"]
[SourceDate "2008.05.06"]
[SourceVersion "1"]
[SourceVersionDate "2008.05.06"]
[SourceQuality "1"]

1. c4 e5 2. e3 Nc6 3. Nc3 g6 4. g3 Bg7 5. Bg2 d6 6. Nge2 Nf6 7. d3 0-0 8. 0-0 Be6 9. Nd5 Qd7 10. Nec3 Bh3 11. Nxf6+ Bxf6 12. Nd5 Bd8 13. d4 f6 14. b3 Bxg2 15. Kxg2 Ne7 16. dxe5 fxe5 17. Nxe7+ Bxe7 18. Qd5+ Kg7 19. Qxb7 Rab8 20. Qe4 a5 21. Bd2 a4 22. b4 c6 23. Bc3 Bf6 24. Rad1 Rfd8 25. Qd3 d5 26. e4 d4 27. Bd2 c5 28. a3 h5 29. h4 Rf8 30. f3 Be7 31. Rb1 Rf7 32. bxc5 Rc8 33. Rb5 Rxc5 34. Rfb1 Qc6 35. R1b4 1-0

[Event "AUS-ch"]
[Site "Parramatta"]
[Date "2008.01.10"]
[Round "10"]
[White "Suttor, Vincent"]
[Black "Morris, James"]
[Result "1-0"]
[WhiteElo "2139"]
[BlackElo "2096"]
[PlyCount "45"]
[EventDate "2008.01.02"]
[EventType "swiss"]
[EventRounds "11"]
[EventCountry "AUS"]
[SourceTitle "CBM 122 Extra"]
[Source "ChessBase"]
[SourceDate "2008.03.04"]
[SourceVersion "1"]
[SourceVersionDate "2008.03.04"]
[SourceQuality "1"]

1. d4 Nf6 2. c4 e6 3. Nc3 c5 4. d5 exd5 5. cxd5 d6 6. e4 g6 7. f3 Bg7 8. Be3 0-0 9. Qd2 Na6 10. Nge2 Nc7 11. Ng3 Re8 12. Be2 h5 13. 0-0 Rb8 14. a4 Bd7 15. Bf4 Qe7 16. e5 dxe5 17. d6 Qd8 18. dxc7 Qxc7 19. Bg5 Bc6 20. Bc4 Rbd8 21. Qc2 Rd4 22. Nce2 Rd7 23. Qxg6 1-0

[Event "Sydney op"]
[Site "Parramatta"]
[Date "2007.04.13"]
[Round "7"]
[White "Smirnov, Vladimir"]
[Black "Suttor, Vincent"]
[Result "1/2-1/2"]
[WhiteElo "2319"]
[BlackElo "2153"]
[PlyCount "87"]
[EventDate "2007.04.10"]
[EventType "swiss"]
[EventRounds "9"]
[EventCountry "AUS"]
[SourceTitle "CBM 117 Extra"]
[Source "ChessBase"]
[SourceDate "2007.05.09"]
[SourceVersion "1"]
[SourceVersionDate "2007.05.09"]
[SourceQuality "1"]

1. d4 c5 2. d5 g6 3. e4 Bg7 4. Nf3 d6 5. c3 e6 6. Bb5+ Bd7 7. Bxd7+ Qxd7 8. dxe6 Qxe6 9. 0-0 Nc6 10. Qb3 Qxb3 11. axb3 Nge7 12. Na3 0-0 13. Rd1 Rfd8 14. Bg5 d5 15. exd5 Rxd5 16. Rxd5 Nxd5 17. Rd1 Nf6 18. Kf1 Rd8 19. Rxd8+ Nxd8 20. Nb5 Nc6 21. Nd6 b6 22. Ke2 Kf8 23. h3 h6 24. Bf4 Ke7 25. Nc4 Nd7 26. Nfd2 Ke6 27. g4 f5 28. gxf5+ Kxf5 29. Bg3 Ke6 30. Bf4 Kf5 31. Ke3 Nde5 32. Nxe5 Nxe5 33. Nc4 Ke6 34. Bg3 Kd5 35. Nd2 Nd7 36. Bf4 Bf8 37. Nc4 g5 38. Bg3 b5 39. Nd2 a6 40. Ne4 c4 41. bxc4+ Kxc4 42. Nd2+ Kd5 43. f4 Nc5 44. fxg5 1/2-1/2

[Event "Australian op"]
[Site "Tuggeranong"]
[Date "2007.01.07"]
[Round "9"]
[White "Tredinnick, Malcolm Robert"]
[Black "Suttor, Vincent"]
[Result "1/2-1/2"]
[WhiteElo "2189"]
[BlackElo "2128"]
[PlyCount "45"]
[EventDate "2006.12.28"]
[EventType "swiss"]
[EventRounds "11"]
[EventCountry "AUS"]
[SourceTitle "CBM 116 Extra"]
[Source "ChessBase"]
[SourceDate "2007.03.07"]
[SourceVersion "1"]
[SourceVersionDate "2007.03.07"]
[SourceQuality "1"]

1. c4 Nf6 2. g3 g6 3. Bg2 Bg7 4. Nc3 d6 5. e4 c5 6. Nge2 Nc6 7. d4 cxd4 8. Nxd4 Nxd4 9. Qxd4 0-0 10. 0-0 Be6 11. Qd3 Nd7 12. b3 Qa5 13. Bd2 Rfc8 14. Nd5 Qd8 15. Rac1 Rab8 16. Bg5 Bxd5 17. exd5 h6 18. Be3 Qa5 19. Qd2 Qxd2 20. Bxd2 a6 21. Bh3 Rc7 22. Be3 b6 23. Bxd7 1/2-1/2

[Event "Australian op"]
[Site "Tuggeranong"]
[Date "2007.01.03"]
[Round "6"]
[White "Smirnov, Vladimir"]
[Black "Suttor, Vincent"]
[Result "1/2-1/2"]
[WhiteElo "2281"]
[BlackElo "2128"]
[PlyCount "129"]
[EventDate "2006.12.28"]
[EventType "swiss"]
[EventRounds "11"]
[EventCountry "AUS"]
[SourceTitle "CBM 116 Extra"]
[Source "ChessBase"]
[SourceDate "2007.03.07"]
[SourceVersion "1"]
[SourceVersionDate "2007.03.07"]
[SourceQuality "1"]

1. d4 Nf6 2. c4 g6 3. Nc3 Bg7 4. Nf3 d6 5. e4 0-0 6. Be2 e5 7. 0-0 Nc6 8. d5 Ne7 9. b4 Nh5 10. Re1 f5 11. Ng5 Nf6 12. Bf3 c6 13. Be3 h6 14. Ne6 Bxe6 15. dxe6 fxe4 16. Nxe4 Nxe4 17. Bxe4 d5 18. cxd5 cxd5 19. Bc5 dxe4 20. Qxd8 Rfxd8 21. Bxe7 Re8 22. Bc5 Rxe6 23. Red1 b6 24. Be3 Bf8 25. b5 a6 26. a4 axb5 27. axb5 Rxa1 28. Rxa1 Bb4 29. Bxh6 Rd6 30. g4 Rd5 31. Ra7 Rxb5 32. Rg7+ Kh8 33. Rxg6 Bc5 34. Be3 Rb1+ 35. Kg2 Rb2 36. Kg3 Bd4 37. Rd6 Rb3 38. Kh4 Rd3 39. Bxd4 exd4 40. Kg5 Kg7 41. h4 Rd2 42. h5 Rxf2 43. Rxd4 e3 44. Re4 Rf3 45. h6+ Kf7 46. Re5 b5 47. Rxb5 e2 48. Re5 Rf2 49. Re4 Rh2 50. Re3 Rf2 51. h7 Rh2 52. Rxe2 Rxh7 53. Kf5 Rh6 54. Ra2 Rb6 55. Ra7+ Kg8 56. Ra5 Kg7 57. g5 Rc6 58. Ra7+ Kg8 59. Kg4 Rc4+ 60. Kh5 Rc6 61. Ra5 Kg7 62. Ra7+ Kg8 63. Rb7 Ra6 64. g6 Ra1 65. Rb8+ 1/2-1/2

[Event "Doeberl Cup 44th"]
[Site "Canberra"]
[Date "2006.04.16"]
[Round "6"]
[White "Bird, Andrew"]
[Black "Suttor, Vincent"]
[Result "0-1"]
[WhiteElo "2125"]
[BlackElo "2078"]
[PlyCount "110"]
[EventDate "2006.04.14"]
[EventType "swiss"]
[EventRounds "7"]
[EventCountry "AUS"]
[SourceTitle "CBM 111 Extra"]
[Source "ChessBase"]
[SourceDate "2006.05.09"]
[SourceVersion "1"]
[SourceVersionDate "2006.05.09"]
[SourceQuality "1"]

1. Nf3 Nf6 2. c4 g6 3. Nc3 Bg7 4. e4 d6 5. d4 0-0 6. Be2 e5 7. Be3 Ng4 8. Bg5 f6 9. Bc1 exd4 10. Nxd4 Ne5 11. 0-0 Nbc6 12. Nc2 f5 13. f4 Nf7 14. exf5 Bxf5 15. Ne3 Bd7 16. Bf3 Nh6 17. Ne2 Kh8 18. Bd2 Nd4 19. Nxd4 Bxd4 20. Kh1 Bc6 21. Qc2 Qf6 22. Nd5 Qg7 23. Rae1 Rae8 24. b4 b6 25. Qd3 Bb2 26. Nc3 Bxf3 27. Qxf3 Qd4 28. Rd1 Qxc4 29. Rb1 Bxc3 30. Bxc3+ Kg8 31. Ba1 c5 32. bxc5 bxc5 33. Rbc1 Qb4 34. Qd5+ Nf7 35. h3 Re2 36. Rc4 Qd2 37. Qxd2 Rxd2 38. Ra4 d5 39. Bf6 Ra8 40. Re1 Nd6 41. Re7 Nf5 42. Rc7 c4 43. g4 Ng3+ 44. Kg1 Rb8 45. Bb2 Rdxb2 46. Raxa7 Re2 47. Rg7+ Kf8 48. Raf7+ Ke8 49. Rb7 Rxb7 50. Rxb7 Rxa2 51. Rxh7 c3 52. Rc7 c2 53. f5 Ra1+ 54. Kg2 c1Q 55. Rxc1 Rxc1 0-1

[Event "AUS-ch U18"]
[Site "Brisbane"]
[Date "2006.01.04"]
[Round "7"]
[White "Suttor, Vincent"]
[Black "Lindberg, Douglas"]
[Result "1-0"]
[WhiteElo "2071"]
[BlackElo "1931"]
[PlyCount "53"]
[EventDate "2005.12.28"]
[EventType "swiss"]
[EventRounds "11"]
[EventCountry "AUS"]
[SourceTitle "CBM 110 Extra"]
[Source "ChessBase"]
[SourceDate "2006.03.10"]
[SourceVersion "2"]
[SourceVersionDate "2006.03.10"]
[SourceQuality "1"]

1. d4 Nf6 2. c4 g6 3. f3 d5 4. cxd5 Nxd5 5. e4 Nb6 6. Nc3 Bg7 7. Be3 e6 8. Qd2 Nc6 9. 0-0-0 Qe7 10. Bg5 f6 11. Be3 Na5 12. b3 0-0 13. Nb1 Nc6 14. Ne2 a5 15. h4 a4 16. h5 axb3 17. axb3 Nb4 18. Nec3 Rd8 19. hxg6 hxg6 20. g4 Bd7 21. Bh6 g5 22. e5 N6d5 23. Nxd5 exd5 24. Bxg7 Kxg7 25. exf6+ Kxf6 26. Re1 Qf8 27. Re5 1-0

[Event "Australian Junior Masters"]
[Site "Sydney"]
[Date "2005.07.05"]
[Round "4"]
[White "Zhao, Zong Yuan"]
[Black "Suttor, Vincent"]
[Result "1-0"]
[WhiteElo "2442"]
[BlackElo "2071"]
[PlyCount "89"]
[EventDate "2005.06.29"]
[EventType "tourn"]
[EventRounds "9"]
[EventCountry "AUS"]
[SourceTitle "CBM 107 Extra"]
[Source "ChessBase"]
[SourceDate "2005.09.01"]
[SourceVersion "1"]
[SourceVersionDate "2005.09.01"]
[SourceQuality "1"]

1. e4 c5 2. Nf3 d6 3. d4 cxd4 4. Nxd4 Nf6 5. Nc3 g6 6. Be3 Bg7 7. f3 Nc6 8. Qd2 0-0 9. Bc4 Bd7 10. 0-0-0 Rc8 11. Bb3 Ne5 12. Kb1 Re8 13. Bh6 Nc4 14. Bxc4 Rxc4 15. Bxg7 Kxg7 16. g4 Qa5 17. Nb3 Qa6 18. e5 dxe5 19. g5 Bf5 20. gxf6+ exf6 21. Qe3 b5 22. Rd2 Rec8 23. Rc1 b4 24. Nd5 Qe6 25. Na1 Rd8 26. Rcd1 Rd7 27. b3 Rh4 28. Qf2 g5 29. Nf4 Rxf4 30. Rxd7 e4 31. Qxa7 Rxf3 32. Re7 Qc6 33. Rxf7+ Kh6 34. Rc7 Qe6 35. Re7 Qc6 36. Qd4 Qc3 37. a3 Rf1 38. Ka2 Rxd1 39. Qxd1 bxa3 40. Qc1 Bg6 41. Qxa3 f5 42. b4 Qc4+ 43. Qb3 Qa6+ 44. Kb1 f4 45. Qh3+ 1-0

[Event "Australian Junior Masters"]
[Site "Sydney"]
[Date "2005.07.04"]
[Round "2"]
[White "Song, Raymond"]
[Black "Suttor, Vincent"]
[Result "1/2-1/2"]
[WhiteElo "2085"]
[BlackElo "2071"]
[PlyCount "27"]
[EventDate "2005.06.29"]
[EventType "tourn"]
[EventRounds "9"]
[EventCountry "AUS"]
[SourceTitle "CBM 107 Extra"]
[Source "ChessBase"]
[SourceDate "2005.09.01"]
[SourceVersion "1"]
[SourceVersionDate "2005.09.01"]
[SourceQuality "1"]

1. e4 c5 2. Nf3 d6 3. d4 cxd4 4. Nxd4 Nf6 5. Nc3 g6 6. Be3 Bg7 7. f3 Nc6 8. Qd2 0-0 9. 0-0-0 d5 10. Nxc6 bxc6 11. exd5 cxd5 12. Nxd5 Nxd5 13. Qxd5 Qc7 14. Qxa8 1/2-1/2

[Event "Doeberl Cup 43rd"]
[Site "Canberra"]
[Date "2005.03.28"]
[Round "7"]
[White "Reilly, Tim"]
[Black "Suttor, Vincent"]
[Result "1-0"]
[WhiteElo "2302"]
[BlackElo "2044"]
[PlyCount "61"]
[EventDate "2005.03.25"]
[EventType "swiss"]
[EventRounds "7"]
[EventCountry "AUS"]
[SourceTitle "CBM 105 Extra"]
[Source "ChessBase"]
[SourceDate "2005.05.01"]
[SourceVersion "1"]
[SourceVersionDate "2005.05.01"]
[SourceQuality "1"]

1. d4 Nf6 2. c4 g6 3. Nc3 Bg7 4. e4 d6 5. f3 0-0 6. Be3 Nc6 7. Nge2 a6 8. Qd2 Rb8 9. h4 h5 10. 0-0-0 b5 11. Bh6 e5 12. Bxg7 Kxg7 13. dxe5 Nxe5 14. cxb5 axb5 15. Nf4 Bd7 16. Kb1 b4 17. Ncd5 Nxd5 18. Nxd5 c5 19. Ne3 Rb6 20. f4 Bg4 21. Rc1 Nd7 22. Nc4 Rc6 23. Nxd6 Qe7 24. e5 f6 25. Bb5 Rc7 26. Rhe1 fxe5 27. fxe5 Nxe5 28. Nc4 Rf5 29. Qd5 Kf6 30. Nd6 c4 31. Ne8+ 1-0

[Event "Doeberl Cup 43rd"]
[Site "Canberra"]
[Date "2005.03.26"]
[Round "4"]
[White "Suttor, Vincent"]
[Black "Rej, Tomek"]
[Result "1/2-1/2"]
[WhiteElo "2044"]
[BlackElo "2248"]
[PlyCount "65"]
[EventDate "2005.03.25"]
[EventType "swiss"]
[EventRounds "7"]
[EventCountry "AUS"]
[SourceTitle "CBM 105 Extra"]
[Source "ChessBase"]
[SourceDate "2005.05.01"]
[SourceVersion "1"]
[SourceVersionDate "2005.05.01"]
[SourceQuality "1"]

1. d4 d5 2. c4 c6 3. Nf3 e6 4. e3 Nf6 5. Nc3 Nbd7 6. Bd3 dxc4 7. Bxc4 b5 8. Bd3 Bb7 9. 0-0 a6 10. e4 c5 11. d5 Qc7 12. dxe6 fxe6 13. Ng5 Qc6 14. Qe2 c4 15. Bc2 Bc5 16. Re1 0-0 17. h3 h6 18. Nf3 Nh5 19. Be3 Nf4 20. Bxf4 Rxf4 21. e5 Raf8 22. Be4 Qb6 23. Bxb7 Qxb7 24. Ne4 Bb6 25. Nd6 Qc6 26. Rad1 Nc5 27. Rf1 Nd3 28. Rxd3 cxd3 29. Qxd3 Bc5 30. a3 Qd5 31. Rd1 Qa8 32. Rd2 Qd8 33. Qg6 1/2-1/2

[Event "Doeberl Cup 43rd"]
[Site "Canberra"]
[Date "2005.03.25"]
[Round "1"]
[White "Wohl, Aleksandar H"]
[Black "Suttor, Vincent"]
[Result "1-0"]
[WhiteElo "2378"]
[BlackElo "2044"]
[PlyCount "53"]
[EventDate "2005.03.25"]
[EventType "swiss"]
[EventRounds "7"]
[EventCountry "AUS"]
[SourceTitle "CBM 105 Extra"]
[Source "ChessBase"]
[SourceDate "2005.05.01"]
[SourceVersion "1"]
[SourceVersionDate "2005.05.01"]
[SourceQuality "1"]

1. e4 c5 2. Nf3 d6 3. c3 Nf6 4. g3 e6 5. Bg2 Bd7 6. Qe2 Bc6 7. d3 g6 8. Nbd2 Bg7 9. 0-0 0-0 10. d4 Nbd7 11. c4 b6 12. Rd1 Qc7 13. b3 d5 14. cxd5 exd5 15. e5 Ne4 16. Bb2 Rfe8 17. Rac1 Qb7 18. Nxe4 dxe4 19. Ng5 cxd4 20. e6 fxe6 21. Nxe4 d3 22. Rxd3 Bxb2 23. Rxc6 Qxc6 24. Nf6+ Bxf6 25. Bxc6 Ne5 26. Bxe8 Nxd3 27. Qxe6+ 1-0

[Event "AUS-ch op U18"]
[Site "Mount Buller"]
[Date "2005.01.18"]
[Round "9"]
[White "Suttor, Vincent"]
[Black "Oliver, Gareth"]
[Result "1-0"]
[WhiteElo "1904"]
[BlackElo "1931"]
[PlyCount "57"]
[EventDate "2005.01.11"]
[EventType "swiss"]
[EventRounds "11"]
[EventCountry "AUS"]
[SourceTitle "EXT 2009"]
[Source "ChessBase"]
[SourceDate "2008.11.26"]
[SourceVersion "1"]
[SourceVersionDate "2008.11.26"]
[SourceQuality "1"]

1. d4 Nf6 2. c4 g6 3. Nc3 Bg7 4. e4 d6 5. Be2 0-0 6. Nf3 e5 7. 0-0 Nc6 8. d5 Ne7 9. b4 a5 10. Ba3 axb4 11. Bxb4 Nd7 12. a4 f5 13. Nd2 Nf6 14. c5 fxe4 15. Ndxe4 Nxe4 16. Nxe4 Rf4 17. cxd6 cxd6 18. Bf3 Bg4 19. Bxg4 Rxe4 20. Be6+ Kh8 21. Rb1 Nf5 22. Qd3 Rd4 23. Qb5 Ra7 24. Rfc1 Ne7 25. Bxd6 Rdxa4 26. Qd7 Qxd7 27. Bxd7 b5 28. Bxe7 Bh6 29. Bf6+ 1-0